Statistics for Luxembourg... or Liechtenstein?

Click here to take the quiz!

General Stats

  • This quiz has been taken 278 times
    (261 since last reset)
  • The average score is 9 of 15

Answer Stats

QuestionAnswer% Correct
Is landlockedBoth
91%
Is part of the Alps Mountain RangeLiechtenstein
90%
Is part of the European UnionLuxembourg
83%
Does not have an international airportLiechtenstein
79%
Its main foreign population is PortugueseLuxembourg
77%
Is double landlocked (landlocked by two countries)Liechtenstein
77%
Has German as an official languageBoth
71%
Its largest city is not its capitalLiechtenstein
71%
Is a monarchyBoth
63%
Became an independent country firstLiechtenstein
55%
Was neutral during World War IILiechtenstein
50%
Does not recognize PalestineBoth
44%
Its capital city is by/on a riverLuxembourg
32%
Is named after a castleLuxembourg
31%
Has one of the 15 highest life expectancies in the worldLuxembourg
24%

Score Distribution

Percentile by Number Answered

Percent of People with Each Score

Your Score History

You have not taken this quiz since the last reset